| Поле | Инд. | ПП | Название | Значение |
|---|---|---|---|---|
| Тип записи | a | |||
| Библиографический уровень | m | |||
| 001 | Контрольный номер | b0228bb0-63ad-4e63-b5e2-09db044120e6 | ||
| 005 | Дата корректировки | 20140703163021.3 | ||
| 008 | Кодируемые данные | 071113 | ||
| 020 | a | ISBN | 978-521-45569-5 | |
| a | ISBN | 0-521-45569-3 | ||
| c | Цена, тираж | 1128.75 | ||
| 040 | a | Служба первич. каталог. | НБ ТвГУ | |
| 041 | a | Код языка текста | eng | |
| 080 | a | Индекс УДК | 94(410)"1936/1939" | |
| a | Индекс УДК | 94(460)"1936/1939" | ||
| 084 | a | Индекс другой классификации/Индекс ББК | Т3(4Вел)61-64(4Исп) | |
| a | Индекс другой классификации/Индекс ББК | Т3(4Исп)61 | ||
| 090 | x | Авторский знак | B92 | |
| a | Полочн. индекс | Т3(4Вел) | ||
| 100 | 1_ | a | Автор | Buchanan Tom |
| 245 | 00 | a | Заглавие | Britain and the Spanish civil war |
| c | Ответственность | Tom Buchanan | ||
| 260 | 0_ | a | Место издания | Cambridge [etc.] |
| b | Издательство | Cambridge university press | ||
| c | Дата издания | 1997 | ||
| 300 | a | Объем | XII, 241 p. | |
| b | Иллюстрации/ тип воспроизводства | ill., [1] map | ||
| 504 | a | Библиография | Bibliogr.: p. 218-229. - Ind.: p. 230-241. | |
| 583 | a | Действие | Получение впервые 290 12.11.2007 | |
| k | Исполнитель действия | Дар Оксфордско-Российского Фонда | ||
| 650 | a | Основная рубрика | Великобритания | |
| x | Основная подрубрика | История | ||
| x | Основная подрубрика | Политика | ||
| x | Основная подрубрика | Международные отношения | ||
| y | Хронологическая подрубрика | 20 в. | ||
| 650 | a | Основная рубрика | Испания | |
| x | Основная подрубрика | Гражданская война | ||
| y | Хронологическая подрубрика | 1936-1939 гг. | ||
| 653 | a | Ключевые слова | История Великобритании | |
| a | Ключевые слова | Международные отношения | ||
| a | Ключевые слова | История Испании | ||
| a | Ключевые слова | Гражданская война в Испании | ||
| a | Ключевые слова | Оксфордско-Российский фонд | ||
| 852 | t | Порядковый номер экземпляра | 1 | |
| p | Инвентарный номер | 887857 | ||
| 863 | t | 00205339 | ||
| 888 | a | Бесплатные | ||
| 930 | a | Новая/Ретро | иностр | |
| a | Новая/Ретро | англ | ||
| 952 | p | 290.2007 1128.75 1 887857 | ||
| c | Вид литературы | К ин | ||
| 954 | a | Дата поступления на обработку | 20080219 | |
| 999 | a | Подразделение 2 | ч.з. |